Žďár nad Sázavou : památkový areál /
| Hlavní autor: | Petrů, Jaroslav, 1930-2006 |
|---|---|
| Jazyk: | Čeština |
| Vydáno: |
Praha : Orbis, 1971 |
| Fyzický popis: |
11 s. + 12 fotografií |
|
| LEADER | 00521nam a22001692a 4500 | ||
|---|---|---|---|
| 001 | 000372309 | ||
| 003 | CZ BrMZK | ||
| 005 | 19980103143423.0 | ||
| 008 | 980103s1971 xr f cze d | ||
| 040 | |a BOA001 |b cze | ||
| 080 | |a 726.7(437.2) Žďár n./Sázavou |2 MRF | ||
| 100 | 1 | |a Petrů, Jaroslav, |d 1930-2006 |7 jk01092847 | |
| 245 | 1 | 0 | |a Žďár nad Sázavou : |b památkový areál / |c [Úv. stud. naps. Jaroslav Petrů]. |
| 260 | |a Praha : |b Orbis, |c 1971 | ||
| 300 | |a 11 s. + |e 12 fotografií | ||
| 910 | |a BOA001 |b TK-0174.156 | ||
| 990 | |a BK | ||
English
Čeština 